Retail warehousing comes under the cosh (Record no. 84005)
[ view plain ]
| 000 -LEADER | |
|---|---|
| fixed length control field | 01172cab a22001935a 4500 |
| 001 - CONTROL NUMBER | |
| control field | L156420 |
| 008 - FIXED-LENGTH DATA ELEMENTS--GENERAL INFORMATION | |
| fixed length control field | 120518e2012 xxk 000 0 eng d |
| 035 ## - SYSTEM CONTROL NUMBER | |
| System control number | (Sirsi) u156420 |
| 041 0# - LANGUAGE CODE | |
| Language code of text/sound track or separate title | eng |
| 110 2# - MAIN ENTRY--CORPORATE NAME | |
| Corporate name or jurisdiction name as entry element | Property Week |
| 9 (RLIN) | 1549 |
| 245 00 - TITLE STATEMENT | |
| Title | Retail warehousing comes under the cosh |
| 260 ## - PUBLICATION, DISTRIBUTION, ETC. | |
| Date of publication, distribution, etc. | 2012 |
| 490 #0 - SERIES STATEMENT | |
| Series statement | Property Week |
| Volume/sequential designation | 78(19) 11 May 2012, 30(1) |
| 520 ## - SUMMARY, ETC. | |
| Summary, etc. | Prime yields edged up to 5.78% in April with retail warehouse the sector most under pressure. Cushman & Wakefield's latest UK property market investment briefing shows prime yields rising by 0.02% during the month. In contrast to retail warehouses business space sectors have been more stable: industrial, distribution and London offices remained unchanged; and national offices were up by 25 basis points. Property and location quality are still the factors dividing the market rather than sector. Investors are tightening their definition of prime with the gap between prime and secondary set to widen further. Table cover prime property compartive yields across all sectors 2007-April 2012 |
| 590 ## - LOCAL NOTE (RLIN) | |
| Local note | KA |
| 651 #4 - SUBJECT ADDED ENTRY--GEOGRAPHIC NAME | |
| Geographic name | United Kingdom |
| 690 ## - LOCAL SUBJECT ADDED ENTRY--TOPICAL TERM (OCLC, RLIN) | |
| Topical term or geographic name as entry element | Commercial property |
| 9 (RLIN) | 6227 |
| 942 ## - ADDED ENTRY ELEMENTS (KOHA) | |
| Suppress in OPAC | 0 |
| Withdrawn status | Lost status | Source of classification or shelving scheme | Damaged status | Not for loan | Home library | Current library | Shelving location | Date acquired | Total Checkouts | Full call number | Barcode | Date last seen | Copy number | Price effective from | Koha item type |
|---|---|---|---|---|---|---|---|---|---|---|---|---|---|---|---|
| Dewey Decimal Classification | London | London | Journal article | 18/05/2012 | L156420 | 156420-1001 | 06/08/2019 | 1 | 06/08/2019 | Journal article |